Business Information Systems: Technology, Development and Management for the E-Business. (Record no. 2331)

MARC details
005 - DATE AND TIME OF LATEST TRANSACTION
control field 20250515152940.0
020 ## - INTERNATIONAL STANDARD BOOK NUMBER
International Standard Book Number 0273688146
082 ## - DEWEY DECIMAL CLASSIFICATION NUMBER
Classification number 658.403 GRE
245 ## - TITLE STATEMENT
Title Business Information Systems: Technology, Development and Management for the E-Business.
250 ## - EDITION STATEMENT
Edition statement 3rd Ed.
260 ## - PUBLICATION, DISTRIBUTION, ETC.
Place of publication, distribution, etc. New York,
Name of publisher, distributor, etc. Prentice Hall,
Date of publication, distribution, etc. 2006.
300 ## - PHYSICAL DESCRIPTION
Extent xxviii, 827p.: ill.; figure, table
Other physical details Glossary & Index
Dimensions 26cm
700 ## - ADDED ENTRY--PERSONAL NAME
Other authors/Editors GREASLEY, A. & BOCIJ,P [ ...et al...]
942 ## - ADDED ENTRY ELEMENTS (KOHA)
Source of classification or shelving scheme Dewey Decimal Classification
Koha item type Books
Holdings
Date last seen Total checkouts Full call number Barcode Cost, replacement price Price effective from Koha item type Lost status Source of classification or shelving scheme Damaged status Not for loan Withdrawn status Home library Current library Shelving location Date acquired Cost, normal purchase price
05/15/2025   658.403 GRE 0000008905 88500.00 05/15/2025 Books   Dewey Decimal Classification       College of Business Education Main Library College of Business Education Main Library General Collection 10/26/2009 29500.00
05/15/2025   658.403 GRE 0000008906 88500.00 05/15/2025 Books   Dewey Decimal Classification       College of Business Education Main Library College of Business Education Main Library General Collection 10/26/2009 29500.00